000 01012nam a2200313 4500
003 OSt
005 20260601193850.0
008 260504b2006 nyua|||| |||| 00| 0 eng d
020 _a9780375720697
020 _a0375720693
040 _aICI
_bspa
_cICI
041 _aeng
050 _aNK9605
_bC65 2006
245 1 _aCollecting pens /
_cedited by Edward Kiersh
264 _aNew York :
_bPrinceton Architectural Press,
_c2006
300 _a148 páginas
336 _atexto
_2rdacontent
337 _asin medio
_2rdamedia
338 _avolumen
_2rdacarrier
500 _aObra sobre el coleccionismo de instrumentos de escritura, especialmente plumas estilográficas
650 _aPlumas estilográficas
_xColecciones
_932074
650 _aInstrumentos de escritura
_xColeccionismo
_932075
650 _aObjetos de colección
_932076
650 _aAntigüedades
650 _aDiseño de productos
655 _2local
_aLibros ilustrados
700 _aKiersh, Edward,
_eeditor
_932079
942 _2lcc
_cB
_n1
999 _c21798
_d21798